Normal view MARC view
  • Cortambert, Eugene,

Entry Nombre Personal

Number of records used in: 2

001 - NUMERO DE CONTROL

  • campo de control: 31911

003 - IDENTIFICADOR DE NUMERO DE CONTROL

  • campo de control: UPN

005 - FECHA Y HORA DE LA ÜLTIMA TRANSACCIÓN

  • campo de control: 20240426125911.0

008 - DATOS DE LONGITUD FIJA

  • campo de control de longitud fija: nabaccnnaabn|||||||||| b |nc|||||d

035 ## - NUMERO DE CONTROL

  • Número de control: UPN11000004017

040 ## - FUENTE DE CATALOGACIÓN

  • Lenguaje de catalogación: spa
  • Agencia de transcripción: MX-MxUPN
  • Agencia original de catalogación: MX-MxUPN

100 1# - ENCABEZAMIENTO - NOMBRE PERSONAL

  • Nombre personal: Cortambert, Eugene,
  • Fechas asociadas con el nombre: 1805-1881

372 ## - CAMPO DE ACTIVIDAD

  • Field of activity: Geografía

374 ## - OCUPACIÓN

  • Occupation: Geógrafo
  • Occupation: Profesor

400 ## - VEÁSE - NOMBRE DE PERSONA

  • Personal name: Cortambert, E.

670 ## - FUENTE EN LA QUE SE LOCALIZARON DATOS

  • Cita de la fuente: LC, 26 abril 2024 :
  • Información localizada: (Cortambert, Eugène, 1805-1881)
  • Uniform Resource Identifier: https://lccn.loc.gov/no2008108114

902 ## - CATALOGADOR

  • Catalogador: CAA/020312